Emergence of the Catholic Tradition (100-600) (Record no. 17566)

MARC details
000 -LEADER
fixed length control field 00793nam a2200253 a 4500
020 ## - INTERNATIONAL STANDARD BOOK NUMBER
ISBN 0226653714
082 00 - DEWEY DECIMAL CLASSIFICATION NUMBER
Classification number 270
Author Cutter PEL
100 ## - MAIN ENTRY--AUTHOR NAME
Author name Pelikan, Jaroslav
245 ## - TITLE STATEMENT
Title Emergence of the Catholic Tradition (100-600)
260 ## - PUBLICATION, DISTRIBUTION, ETC. (IMPRINT)
Place of publication Chicago
Name of publisher Chicago University Press
Year of publication 2009
300 ## - PHYSICAL DESCRIPTION
Number of Pages 394p
500 ## - GENERAL NOTE
General note includes index and biblioraphy
505 2# - FORMATTED CONTENTS NOTE
Formatted contents note Index
505 2# - FORMATTED CONTENTS NOTE
Formatted contents note Index00
650 ## - SUBJECT ADDED ENTRY--TOPICAL TERM
Topical Term Church-History
942 ## - ADDED ENTRY ELEMENTS (KOHA)
Koha item type Books
700 1# -
-- Pelikan, Jaroslav
Holdings
Collection code Home library Current library Shelving location Date acquired Cost, normal purchase price Full call number Accession Number Koha item type
Reference Henry Martyn Institute Library Henry Martyn Institute Library Reference   500.00 270 PEL 11002207 Books
Reference Henry Martyn Institute Library Henry Martyn Institute Library Reference   500.00 270 PEL 11002208 Books
Reference Henry Martyn Institute Library Henry Martyn Institute Library Reference   500.00 270 PEL 11002209 Books
                   Copyright © 2026 | Henry Martyn Institute | Hyderabad | TS-500052 | INDIA | Implemented by hmi.edu.in
Hit-Count:

Powered by Koha